000 00317nam a22001337a 4500
008 171002b xxu||||| |||| 00| 0 eng d
020 _a9780669440423
041 _aeng
080 _a37
100 _a47
101 _aEDU
245 _aWRITE AWAY AND HANDBOOK WRITERS AND LEARNERS
_cKEMPER
942 _2udc
_cBK
999 _c31127
_d31127